Grundfonds-Reparaturen-Investitionen Erläuterungen zu aktuelle Regelungen
Salvato in:
| Autore principale: | |
|---|---|
| Altri autori: | , |
| Natura: | Libro |
| Lingua: | tedesco |
| Pubblicazione: |
Berlin
Wirtschaft
1983
|
| Tags: |
Nessun Tag, puoi essere il primo ad aggiungerne!!
|
MARC
| LEADER | 00000nam a2200000 4500 | ||
|---|---|---|---|
| 001 | c115719 | ||
| 005 | 20041019155202.2 | ||
| 041 | 0 | |a ger | |
| 044 | |a DE | ||
| 245 | 1 | 0 | |a Grundfonds-Reparaturen-Investitionen |b Erläuterungen zu aktuelle Regelungen |c Armin Holicki, Wolfgang Katzer und Jürgen Kiermeyer |
| 264 | 1 | |a Berlin |b Wirtschaft |c 1983 | |
| 300 | |a 148 s. | ||
| 100 | 1 | |a Holicki, Armin | |
| 700 | 1 | |a Katzer, Wolfgang | |
| 700 | 1 | |a Kiermeyer, Jürgen | |